[Event "Hebraica op 31st"]
[Site "Hebraica"]
[Date "2023.07.02"]
[Round "6"]
[White "Branco Bortoletto, Renato MPN"]
[Black "Fonseca, Daniel Tiepo"]
[Result "0-1"]
[WhiteElo "1760"]
[BlackElo "1800"]
[PlyCount "136"]
[EventDate "2023.06.30"]
[EventType "swiss"]
[EventRounds "6"]
[EventCountry "BRA"]
[SourceTitle "CBM 215 Extra"]
[Source "ChessBase"]
[SourceDate "2023.09.30"]
[SourceVersion "1"]
[SourceVersionDate "2023.09.30"]
[SourceQuality "1"]

1. e4 e6 2. Nc3 c5 3. Nf3 a6 4. d4 cxd4 5. Nxd4 g6 6. Bc4 Bg7 7. Bf4 d6 8. Nf3 Nc6 9. 0-0 Nf6 10. Re1 e5 11. Bd2 0-0 12. Bg5 h6 13. Bh4 Bg4 14. h3 Bxf3 15. Qxf3 Nd4 16. Qd1 g5 17. Bg3 Rc8 18. Bd3 Qd7 19. a3 b5 20. Ne2 Nc6 21. c3 h5 22. Bh2 h4 23. Qd2 Bh6 24. Qc2 Nh5 25. a4 b4 26. Bxa6 bxc3 27. bxc3 Ra8 28. Bb5 Rfc8 29. Qd1 g4 30. hxg4 Qxg4 31. Qxd6 h3 32. Ng3 Bf4 33. Bxc6 Bxg3 34. fxg3 Nxg3 35. Bxg3 Qxg3 36. Re2 h2+ 37. Kh1 Ra6 38. Qh6 Rcxc6 39. Qxh2 Rh6 40. Qxh6 Rxh6+ 41. Kg1 Qxc3 42. Ree1 Qd4+ 43. Kf1 Rh1+ 44. Ke2 Qxe4+ 45. Kd2 Rxe1 46. Rxe1 Qxg2+ 47. Re2 Qd5+ 48. Ke1 Qa5+ 49. Kf1 Qxa4 50. Ke1 f5 51. Kf2 Kf7 52. Kf3 Qf4+ 53. Kg2 Ke6 54. Rf2 Qg4+ 55. Kf1 Kd5 56. Rg2 Qh3 57. Kg1 Ke4 58. Rh2 Qxh2+ 59. Kxh2 Kf3 60. Kg1 Ke2 61. Kh2 f4 62. Kh1 f3 63. Kh2 f2 64. Kh1 f1Q+ 65. Kh2 Qf7 66. Kh1 Qg6 67. Kh2 Kf3 68. Kh1 Qg2# 0-1

[Event "Hebraica op 31st"]
[Site "Hebraica"]
[Date "2023.07.02"]
[Round "5"]
[White "Santos, Camila Marinho Godo"]
[Black "Branco Bortoletto, Renato MPN"]
[Result "0-1"]
[WhiteElo "1598"]
[BlackElo "1760"]
[PlyCount "86"]
[EventDate "2023.06.30"]
[EventType "swiss"]
[EventRounds "6"]
[EventCountry "BRA"]
[SourceTitle "CBM 215 Extra"]
[Source "ChessBase"]
[SourceDate "2023.09.30"]
[SourceVersion "1"]
[SourceVersionDate "2023.09.30"]
[SourceQuality "1"]

1. c4 e5 2. Nc3 Nf6 3. g3 Nc6 4. Bg2 Bc5 5. e3 0-0 6. Nge2 a6 7. 0-0 d6 8. a3 Ba7 9. b4 Ne7 10. Na2 Rb8 11. Bb2 Ng6 12. Nac3 Be6 13. d3 c6 14. Rc1 h6 15. Qd2 Qd7 16. Ne4 Nxe4 17. Bxe4 Ne7 18. d4 exd4 19. Nxd4 Bxd4 20. Bxd4 Rfd8 21. Ba1 Bh3 22. Qb2 f6 23. Rfd1 Qe6 24. Bf3 Qf5 25. Qe2 d5 26. g4 Qe6 27. c5 Ng6 28. Rd4 Ne5 29. Rcd1 Nxf3+ 30. Qxf3 Bxg4 31. Rxg4 Rf8 32. Rg6 Kh7 33. Qg3 Qf7 34. Rg4 h5 35. Rh4 g5 36. Rdd4 gxh4 37. Rxh4 Rg8 38. Qxg8+ Kxg8 39. Rh3 Kh7 40. Kf1 Rg8 41. Rf3 Qg6 42. Rxf6 Qd3+ 43. Ke1 Rg1# 0-1

[Event "BRA Amateur-ch U1400"]
[Site "Sao Paulo"]
[Date "2022.11.04"]
[Round "4"]
[White "Gravina, Miguel Vigolo"]
[Black "Branco Bortoletto, Renato MPN"]
[Result "1/2-1/2"]
[WhiteElo "1056"]
[BlackElo "1867"]
[PlyCount "90"]
[EventDate "2022.11.03"]
[EventType "swiss"]
[EventRounds "7"]
[EventCountry "BRA"]
[SourceTitle "CBM 211 Extra"]
[Source "ChessBase"]
[SourceDate "2023.01.31"]
[SourceVersion "1"]
[SourceVersionDate "2023.01.31"]
[SourceQuality "1"]

1. Nf3 d5 2. d3 Nc6 3. b3 Bg4 4. e4 dxe4 5. dxe4 Qxd1+ 6. Kxd1 Bxf3+ 7. gxf3 0-0-0+ 8. Nd2 e6 9. Bb2 Nf6 10. Bc4 Be7 11. Rg1 g6 12. Ke2 a6 13. Rad1 h5 14. h4 Rhg8 15. a3 Nh7 16. Rh1 Rd7 17. b4 Na7 18. Bc3 Rgd8 19. Ra1 Bf6 20. Nb1 Bxc3 21. Nxc3 Rd2+ 22. Ke3 Rxc2 23. Rac1 Rcd2 24. Rcd1 Rxd1 25. Rxd1 Rxd1 26. Nxd1 b5 27. Bb3 c6 28. Nb2 Kd7 29. f4 f6 30. Nd3 g5 31. hxg5 fxg5 32. fxg5 Nxg5 33. Bd1 h4 34. Kf4 Nf7 35. Kg4 Nd6 36. e5 Nc4 37. Nc5+ Ke7 38. Nxa6 Nxa3 39. Kxh4 Nc4 40. f4 Ne3 41. Bb3 Nc4 42. Nc5 Kf7 43. Kg5 Ke7 44. Kg6 Nc8 45. Kg5 N8b6 1/2-1/2